000 00686cam a2200253 4500500
005 20260405003351.0
041 _afre
042 _adc
100 1 0 _aPortevin, Catherine
_eauthor
245 0 0 _aL’Animal et la Mort
260 _c2021.
500 _a96
690 _aAnimal
690 _aAnthropologie
690 _aChamanisme
690 _aCharles Stépanoff
690 _aChasse
690 _aMort
690 _aPaysan
690 _aViande
690 _aViolence
786 0 _nPhilosophie magazine | 153 | 10 | 2021-10-01 | p. 59-62 | 1951-1787
856 4 1 _uhttps://shs.cairn.info/magazine-philosophie-magazine-2021-10-page-59?lang=fr&redirect-ssocas=7080
999 _c2066882
_d2066882